[Event "25. Open Cappelle la Grande 2009"]
[Site "Cappelle la Grande FRA"]
[Date "2009.03.03"]
[Round "5.73"]
[White "Krzyzanowski, Marcin"]
[Black "Le Roux, Jean-Pierre"]
[Result "1/2-1/2"]
[WhiteElo "2248"]
[BlackElo "2491"]
[PlyCount "78"]
[EventDate "2009.02.28"]
[EventType "swiss"]
[EventRounds "9"]
[EventCountry "FRA"]
[Source "lmi"]
[SourceDate "2009.02.28"]

1. e4 Nf6 2. e5 Nd5 3. c4 Nb6 4. d4 d6 5. exd6 exd6 6. Nc3 Be7 7. Be3 O-O 8.
Be2 Nc6 9. Nf3 Bg4 10. b3 f5 11. h3 Bh5 12. Qd2 Qd7 13. O-O Rae8 14. Rfe1 Bf6
15. Rad1 h6 16. Qc1 f4 17. Bxf4 Bxf3 18. Bxf3 Rxe1+ 19. Rxe1 Bxd4 20. Ne2 Bc5
21. Rd1 Qf7 22. Bg3 a5 23. Qc2 Ne7 24. Kh2 Nf5 25. Be4 Nxg3 26. fxg3 Qf2 27.
Qd3 Nd7 28. Nf4 Ne5 29. Qd5+ Kh8 30. Ne6 c6 31. Qd2 Rf6 32. Qxf2 Bxf2 33. Nd8
Bb6 34. Nxb7 Bc7 35. a3 Kg8 36. Kg1 Bb6+ 37. Kh2 Bc7 38. Kg1 Bb6+ 39. Kh2 Bc7
1/2-1/2

[Event "25. Open Cappelle la Grande 2009"]
[Site "Cappelle la Grande FRA"]
[Date "2009.03.03"]
[Round "5.50"]
[White "Petitcunot, Pierre"]
[Black "Kharitonov, Alexandr"]
[Result "1/2-1/2"]
[WhiteElo "2397"]
[BlackElo "2537"]
[PlyCount "61"]
[EventDate "2009.02.28"]
[EventType "swiss"]
[EventRounds "9"]
[EventCountry "FRA"]
[Source "lmi"]
[SourceDate "2009.02.28"]

1. e4 e5 2. Nf3 Nc6 3. Nc3 Nf6 4. g3 d5 5. exd5 Nxd5 6. Bg2 Nb6 7. d4 exd4 8.
Nb5 Be7 9. Nfxd4 Nxd4 10. Qxd4 Qxd4 11. Nxd4 O-O 12. Bf4 c6 13. O-O-O Bg4 14.
Rd3 Bf6 15. h3 Bh5 16. g4 Bg6 17. Nf5 Rfe8 18. b3 Bxf5 19. gxf5 Rad8 20. Rxd8
Rxd8 21. c4 Nc8 22. Rd1 Rxd1+ 23. Kxd1 Ne7 24. Be4 g6 25. fxg6 fxg6 26. Kc2 Kf7
27. a4 Bd4 28. f3 Ke6 29. b4 Nf5 30. a5 Be5 31. Bd2 1/2-1/2

[Event "25. Open Cappelle la Grande 2009"]
[Site "Cappelle la Grande FRA"]
[Date "2009.03.03"]
[Round "5.68"]
[White "Raznikov, Danny"]
[Black "Kveinys, Aloyzas"]
[Result "1/2-1/2"]
[WhiteElo "2265"]
[BlackElo "2522"]
[PlyCount "77"]
[EventDate "2009.02.28"]
[EventType "swiss"]
[EventRounds "9"]
[EventCountry "FRA"]
[Source "lmi"]
[SourceDate "2009.02.28"]

1. d4 Nf6 2. c4 e6 3. Nf3 c5 4. d5 exd5 5. cxd5 d6 6. Nc3 g6 7. h3 a6 8. a4 Qe7
9. Bf4 Nbd7 10. e3 Bg7 11. Be2 O-O 12. O-O Ne8 13. Re1 Ne5 14. Bxe5 Bxe5 15.
Nxe5 Qxe5 16. Qd2 Bd7 17. Rab1 Nf6 18. f4 Qe7 19. Bf3 b5 20. axb5 axb5 21. e4
b4 22. Nd1 Bb5 23. Nf2 Nd7 24. e5 Rae8 25. exd6 Qxd6 26. Ne4 Qb6 27. d6 Bc6 28.
Ng5 c4+ 29. Kh2 Rxe1 30. Rxe1 Bxf3 31. Nxf3 Qc5 32. Ne5 c3 33. bxc3 bxc3 34.
Qd3 Nxe5 35. Rxe5 Qc6 36. d7 c2 37. Re8 Rxe8 38. dxe8=Q+ Qxe8 39. Qxc2 1/2-1/2

[Event "25. Open Cappelle la Grande 2009"]
[Site "Cappelle la Grande FRA"]
[Date "2009.03.03"]
[Round "5.89"]
[White "Aveline, Philippe"]
[Black "Pruess, David"]
[Result "0-1"]
[WhiteElo "2160"]
[BlackElo "2422"]
[PlyCount "38"]
[EventDate "2009.02.28"]
[EventType "swiss"]
[EventRounds "9"]
[EventCountry "FRA"]
[Source "lmi"]
[SourceDate "2009.02.28"]

1. e4 e5 2. f4 exf4 3. Nf3 h6 4. d4 g5 5. Bc4 d6 6. g3 Nc6 7. O-O Bg7 8. c3 Bh3
9. Rf2 Nf6 10. Bd5 Qd7 11. gxf4 O-O-O 12. Na3 Ne7 13. Nc4 Nexd5 14. exd5 Qg4+
15. Kh1 Ne4 16. Rc2 gxf4 17. Qd3 Rhg8 18. Qxe4 Bxd4 19. Ne3 Bxe3 0-1

[Event "25. Open Cappelle la Grande 2009"]
[Site "Cappelle la Grande FRA"]
[Date "2009.03.03"]
[Round "5.23"]
[White "Boric, Elena"]
[Black "Dzhumaev, Marat"]
[Result "0-1"]
[WhiteElo "2250"]
[BlackElo "2529"]
[PlyCount "60"]
[EventDate "2009.02.28"]
[EventType "swiss"]
[EventRounds "9"]
[EventCountry "FRA"]
[Source "lmi"]
[SourceDate "2009.02.28"]

1. e4 g6 2. d4 Bg7 3. f4 d5 4. e5 Nh6 5. Be3 c5 6. dxc5 Nc6 7. c3 f6 8. exf6
exf6 9. Be2 O-O 10. Na3 Re8 11. Qd2 Qe7 12. Kf2 Nf5 13. Nc2 Nxe3 14. Nxe3 Be6
15. b4 d4 16. cxd4 Nxd4 17. Qxd4 Rad8 18. Qc3 f5 19. Qc1 Bf7 20. Nc4 Bd4+ 21.
Kf1 Qe4 22. Nd6 Rxd6 23. cxd6 Bd5 24. Bf3 Qd3+ 25. Be2 Bxg2+ 26. Ke1 Bxg1 27.
Qd2 Rxe2+ 28. Qxe2 Qc3+ 29. Qd2 Qxa1+ 30. Ke2 Qf1# 0-1

[Event "25. Open Cappelle la Grande 2009"]
[Site "Cappelle la Grande FRA"]
[Date "2009.03.03"]
[Round "5.86"]
[White "Hoolt, Sarah"]
[Black "Spirin, Oleg"]
[Result "0-1"]
[WhiteElo "2200"]
[BlackElo "2438"]
[PlyCount "108"]
[EventDate "2009.02.28"]
[EventType "swiss"]
[EventRounds "9"]
[EventCountry "FRA"]
[Source "lmi"]
[SourceDate "2009.02.28"]

1. e4 c5 2. Nf3 d6 3. d4 cxd4 4. Nxd4 Nf6 5. Nc3 a6 6. Be2 e6 7. O-O Qc7 8. a4
Nc6 9. Be3 Be7 10. f4 O-O 11. Kh1 Re8 12. Bf3 Na5 13. g4 Bf8 14. g5 Nd7 15. Bg2
Rb8 16. Qh5 g6 17. Qh4 Nc4 18. Bc1 Bg7 19. Nde2 b5 20. axb5 axb5 21. b3 b4 22.
bxc4 bxc3 23. Ba3 Qxc4 24. Qf2 Rb6 25. Rad1 Ba6 26. Bf3 Qc7 27. Rfe1 Rc8 28.
Bg2 Bc4 29. Bc1 Ra6 30. Be3 Ra2 31. Nc1 Ra3 32. Nd3 Rb8 33. Bd4 e5 34. Be3 Bxd3
35. Rxd3 exf4 36. Bxf4 Ne5 37. Rd5 Ra5 38. h4 Rxd5 39. exd5 Rb2 40. Ra1 Qb8 41.
Qe2 Qd8 42. h5 Rb4 43. Rf1 Rxf4 44. Rxf4 Qxg5 45. Ra4 Bf6 46. hxg6 hxg6 47. Qf2
Kg7 48. Rf4 Bd8 49. Rb4 Qc1+ 50. Kh2 Bg5 51. Bf1 Qd1 52. Qg2 Bd2 53. Rb6 Qxc2
54. Rxd6 Bf4+ 0-1

[Event "25. Open Cappelle la Grande 2009"]
[Site "Cappelle la Grande FRA"]
[Date "2009.03.03"]
[Round "5.24"]
[White "Jeanne, Mickael"]
[Black "Iturrizaga, Eduardo"]
[Result "0-1"]
[WhiteElo "2195"]
[BlackElo "2528"]
[PlyCount "48"]
[EventDate "2009.02.28"]
[EventType "swiss"]
[EventRounds "9"]
[EventCountry "FRA"]
[Source "lmi"]
[SourceDate "2009.02.28"]

1. Nf3 c5 2. c4 Nc6 3. Nc3 Nf6 4. g3 d5 5. cxd5 Nxd5 6. Bg2 Nc7 7. O-O e5 8.
Ne1 Be7 9. Nd3 f6 10. b3 Bf5 11. Ne4 Ne6 12. Bb2 O-O 13. f4 exf4 14. Nxf4 Nxf4
15. Rxf4 Be6 16. e3 Nb4 17. Nf2 Qd7 18. d4 g5 19. Rf3 cxd4 20. exd4 Nd5 21. Rd3
f5 22. Qh5 Bf7 23. Qh6 Rac8 24. Re1 Rc6 0-1

[Event "25. Open Cappelle la Grande 2009"]
[Site "Cappelle la Grande FRA"]
[Date "2009.03.03"]
[Round "5.88"]
[White "Roger, Mehdi"]
[Black "Guidarelli, Laurent"]
[Result "0-1"]
[WhiteElo "2183"]
[BlackElo "2433"]
[PlyCount "48"]
[EventDate "2009.02.28"]
[EventType "swiss"]
[EventRounds "9"]
[EventCountry "FRA"]
[Source "lmi"]
[SourceDate "2009.02.28"]

1. e4 c5 2. Nf3 b6 3. d4 cxd4 4. Nxd4 Bb7 5. Nc3 a6 6. Bd3 g6 7. Be3 Bg7 8. Qd2
d6 9. O-O-O Nd7 10. f3 Rc8 11. Kb1 b5 12. h4 h5 13. g4 Ngf6 14. g5 Nh7 15. Rhf1
O-O 16. Nde2 b4 17. Nd5 e6 18. Ndf4 Nc5 19. Bxc5 Rxc5 20. Nxh5 gxh5 21. f4 f5
22. exf5 exf5 23. Ng3 Qa5 24. g6 Bd5 0-1

[Event "25. Open Cappelle la Grande 2009"]
[Site "Cappelle la Grande FRA"]
[Date "2009.03.03"]
[Round "5.74"]
[White "Salvador, Roland"]
[Black "Petrisor, Adrian-Marian"]
[Result "0-1"]
[WhiteElo "2476"]
[BlackElo "2242"]
[PlyCount "52"]
[EventDate "2009.02.28"]
[EventType "swiss"]
[EventRounds "9"]
[EventCountry "FRA"]
[Source "lmi"]
[SourceDate "2009.02.28"]

1. d4 Nf6 2. Nf3 g6 3. Nc3 d5 4. Bf4 Bg7 5. e3 O-O 6. Be2 c5 7. Ne5 cxd4 8.
exd4 Nc6 9. O-O Bf5 10. Nxc6 bxc6 11. Na4 Nd7 12. g4 e5 13. Bxe5 Nxe5 14. gxf5
Qg5+ 15. Kh1 Qxf5 16. Nc5 Nc4 17. b3 Nd6 18. f4 Rfe8 19. Bg4 Qf6 20. c3 Ne4 21.
Nxe4 Rxe4 22. f5 Qh4 23. Bf3 Re3 24. Rc1 Rae8 25. Qd2 Rxf3 26. Rxf3 Bh6 0-1

[Event "25. Open Cappelle la Grande 2009"]
[Site "Cappelle la Grande FRA"]
[Date "2009.03.04"]
[Round "6.33"]
[White "Malakhatko, Vadim"]
[Black "Pijpers, Arthur"]
[Result "1-0"]
[WhiteElo "2610"]
[BlackElo "2150"]
[PlyCount "89"]
[EventDate "2009.02.28"]
[EventType "swiss"]
[EventRounds "9"]
[EventCountry "FRA"]
[Source "lmi"]
[SourceDate "2009.02.28"]

1. d4 d5 2. c4 c6 3. Nc3 dxc4 4. e3 b5 5. a4 b4 6. Ne4 Qd5 7. Nd2 c3 8. bxc3
bxc3 9. Ndf3 Qa5 10. Qb3 e6 11. Ne5 Qb6 12. Qc2 a5 13. Ne2 Ba6 14. Nxc3 Bxf1
15. Kxf1 Nf6 16. Ne2 Bb4 17. e4 O-O 18. Be3 Qa6 19. f3 Rc8 20. Nd3 Nbd7 21. Nc5
Nxc5 22. dxc5 Rd8 23. Kf2 Rd3 24. Rhd1 Rad8 25. Nf4 R3d7 26. Rxd7 Rxd7 27. Rd1
Qc8 28. Nd3 Qc7 29. g3 h6 30. Ke2 Kf8 31. Bf4 Qb7 32. Bd6+ Ke8 33. Qc4 Qc8 34.
g4 Rb7 35. h4 Nh7 36. g5 h5 37. Nf4 g6 38. Qd4 Re7 39. Bxe7 Kxe7 40. Nxg6+ fxg6
41. Qg7+ Ke8 42. Qxg6+ Kf8 43. Qxh7 Qa6+ 44. Kf2 Bxc5+ 45. Kg3 1-0

[Event "25. Open Cappelle la Grande 2009"]
[Site "Cappelle la Grande FRA"]
[Date "2009.03.04"]
[Round "6.37"]
[White "Sulskis, Sarunas"]
[Black "Jessel, Stephen"]
[Result "1-0"]
[WhiteElo "2573"]
[BlackElo "2296"]
[PlyCount "83"]
[EventDate "2009.02.28"]
[EventType "swiss"]
[EventRounds "9"]
[EventCountry "FRA"]
[Source "lmi"]
[SourceDate "2009.02.28"]

1. e4 e6 2. d4 d5 3. Nc3 Nf6 4. Bg5 Bb4 5. e5 h6 6. Bd2 Bxc3 7. Bxc3 Ne4 8. Bb4
c5 9. Ba3 Nc6 10. dxc5 Nxe5 11. Qd4 Qf6 12. Rd1 Nc6 13. Qxf6 Nxf6 14. c4 O-O
15. Nf3 Rd8 16. cxd5 exd5 17. Nd4 Re8+ 18. Be2 Nxd4 19. Rxd4 Bd7 20. f3 Bb5 21.
Rd2 Nd7 22. Kf2 Bxe2 23. Rxe2 Ne5 24. Rd1 Nc4 25. Rxd5 Nxa3 26. bxa3 Rxe2+ 27.
Kxe2 Rc8 28. Kd3 Kf8 29. a4 Ke7 30. a5 Rc6 31. Kc4 Ra6 32. Kb4 Rc6 33. Rd3 Ra6
34. Rd2 Rc6 35. h4 Ra6 36. h5 Rc6 37. a4 Ra6 38. Kb5 Rc6 39. Kc4 Rc7 40. Rd6
Rc8 41. Kd5 Rc7 42. a6 1-0

[Event "25. Open Cappelle la Grande 2009"]
[Site "Cappelle la Grande FRA"]
[Date "2009.03.04"]
[Round "6.47"]
[White "Abergel, Thal"]
[Black "Houriez, Clement"]
[Result "1/2-1/2"]
[WhiteElo "2509"]
[BlackElo "2261"]
[PlyCount "49"]
[EventDate "2009.02.28"]
[EventType "swiss"]
[EventRounds "9"]
[EventCountry "FRA"]
[Source "lmi"]
[SourceDate "2009.02.28"]

1. e4 c5 2. Nf3 d6 3. Bc4 Nf6 4. e5 dxe5 5. Nxe5 e6 6. Qe2 Be7 7. b3 O-O 8. Bb2
Qc7 9. Nc3 a6 10. Ne4 Nbd7 11. f4 Nd5 12. Qg4 N7f6 13. Nxf6+ Bxf6 14. O-O b5
15. Be2 Bb7 16. a3 c4 17. bxc4 bxc4 18. Bd4 c3 19. dxc3 Nxc3 20. Bd3 Rad8 21.
Bxh7+ Kxh7 22. Qh3+ Kg8 23. Qxc3 Qxc3 24. Bxc3 Rc8 25. Rab1 1/2-1/2

[Event "25. Open Cappelle la Grande 2009"]
[Site "Cappelle la Grande FRA"]
[Date "2009.03.04"]
[Round "6.21"]
[White "Heberla, Bartlomiej"]
[Black "David, Alberto"]
[Result "1/2-1/2"]
[WhiteElo "2500"]
[BlackElo "2602"]
[PlyCount "23"]
[EventDate "2009.02.28"]
[EventType "swiss"]
[EventRounds "9"]
[EventCountry "FRA"]
[Source "lmi"]
[SourceDate "2009.02.28"]

1. e4 e6 2. d4 d5 3. Nc3 Bb4 4. Qd3 dxe4 5. Qxe4 Nf6 6. Qh4 Nc6 7. Nf3 Ne7 8.
Bd3 Nf5 9. Bxf5 exf5 10. O-O Bxc3 11. bxc3 Ne4 12. Qxd8+ 1/2-1/2

[Event "25. Open Cappelle la Grande 2009"]
[Site "Cappelle la Grande FRA"]
[Date "2009.03.04"]
[Round "6.59"]
[White "Vocaturo, Daniele"]
[Black "Delort, Frederic"]
[Result "1-0"]
[WhiteElo "2445"]
[BlackElo "2216"]
[PlyCount "73"]
[EventDate "2009.02.28"]
[EventType "swiss"]
[EventRounds "9"]
[EventCountry "FRA"]
[Source "lmi"]
[SourceDate "2009.02.28"]

1. e4 e5 2. Nf3 Nc6 3. d4 exd4 4. Bc4 Nf6 5. e5 Ng4 6. O-O d6 7. exd6 Bxd6 8.
Re1+ Kf8 9. c3 Nge5 10. Nxe5 Nxe5 11. Qxd4 Nxc4 12. Qxc4 Be6 13. Qe4 Bd5 14.
Qf5 Bc6 15. Nd2 Qd7 16. Qxd7 Bxd7 17. Nc4 Re8 18. Be3 Re6 19. Nxd6 cxd6 20.
Bxa7 Ke7 21. Red1 b5 22. Rd2 Bc6 23. Kf1 Re4 24. a3 Ke6 25. Rad1 d5 26. Bd4 f6
27. f3 Rh4 28. Re1+ Kf7 29. g3 Rh5 30. g4 Rh6 31. Rde2 Re8 32. Rxe8 Bxe8 33.
Bc5 Bc6 34. Re7+ Kg6 35. Rc7 Be8 36. Kg2 f5 37. Bd4 1-0

[Event "25. Open Cappelle la Grande 2009"]
[Site "Cappelle la Grande FRA"]
[Date "2009.03.04"]
[Round "6.22"]
[White "Zdebskaja, Natalia"]
[Black "Rozentalis, Eduardas"]
[Result "1/2-1/2"]
[WhiteElo "2428"]
[BlackElo "2590"]
[PlyCount "26"]
[EventDate "2009.02.28"]
[EventType "swiss"]
[EventRounds "9"]
[EventCountry "FRA"]
[Source "lmi"]
[SourceDate "2009.02.28"]

1. e4 d5 2. exd5 Nf6 3. Bb5+ Nbd7 4. d4 Nxd5 5. Nf3 g6 6. O-O Bg7 7. Re1 O-O 8.
h3 a6 9. Bf1 b5 10. a4 b4 11. c4 bxc3 12. Nxc3 N7f6 13. Ne5 Bb7 1/2-1/2

[Event "25. Open Cappelle la Grande 2009"]
[Site "Cappelle la Grande FRA"]
[Date "2009.03.04"]
[Round "6.69"]
[White "Bijaoui, Manuel"]
[Black "Montabord, Manuel"]
[Result "1-0"]
[WhiteElo "2404"]
[BlackElo "2179"]
[PlyCount "59"]
[EventDate "2009.02.28"]
[EventType "swiss"]
[EventRounds "9"]
[EventCountry "FRA"]
[Source "lmi"]
[SourceDate "2009.02.28"]

1. e4 c5 2. Nf3 d6 3. d4 cxd4 4. Nxd4 Nf6 5. Nc3 a6 6. Bg5 e6 7. f4 b5 8. e5
dxe5 9. fxe5 Qc7 10. Qe2 Bb4 11. exf6 Bxc3+ 12. bxc3 Qxc3+ 13. Qd2 Qxa1+ 14.
Kf2 O-O 15. fxg7 Re8 16. Bxb5 Qxh1 17. Bxe8 Qxh2 18. Qb4 Kxg7 19. Qe7 Qh5 20.
Bf6+ Kg8 21. Qd8 Qh6 22. Bc6+ Qf8 23. Bxa8 Nd7 24. Qxf8+ Kxf8 25. Bg5 Nc5 26.
Bd2 Kg7 27. Bb4 Na4 28. Bc6 Nb6 29. Nb3 f5 30. Na5 1-0

[Event "25. Open Cappelle la Grande 2009"]
[Site "Cappelle la Grande FRA"]
[Date "2009.03.04"]
[Round "6.79"]
[White "Simon, Olivier"]
[Black "Couche, Didier"]
[Result "1-0"]
[WhiteElo "2364"]
[BlackElo "2142"]
[PlyCount "91"]
[EventDate "2009.02.28"]
[EventType "swiss"]
[EventRounds "9"]
[EventCountry "FRA"]
[Source "lmi"]
[SourceDate "2009.02.28"]

1. e4 e6 2. d4 d5 3. Nc3 Bb4 4. e5 c5 5. a3 Bxc3+ 6. bxc3 Qa5 7. Bd2 Qa4 8. Qb1
c4 9. Nh3 Nc6 10. Nf4 g6 11. g3 Bd7 12. Bh3 O-O-O 13. O-O Nge7 14. Ng2 h6 15.
Ne3 b6 16. f4 h5 17. Bg2 Nf5 18. Nd1 Nce7 19. Nb2 Qa5 20. Qe1 Ba4 21. Nxa4 Qxa4
22. Ra2 Nc6 23. Bf3 Rh7 24. Kf2 Rdh8 25. Rh1 Kc7 26. h3 Na5 27. Qb1 Nc6 28. Qb2
b5 29. Raa1 a6 30. Rh2 Kd7 31. Rah1 Nfe7 32. Kg2 Nc8 33. g4 hxg4 34. hxg4 Rxh2+
35. Rxh2 Rxh2+ 36. Kxh2 Qa5 37. Qc1 Nb6 38. f5 gxf5 39. gxf5 Na4 40. Bg4 Qd8
41. Qf1 Qg8 42. Qf3 Ke8 43. Qh3 Kd7 44. Qh5 Ne7 45. f6 Nc6 46. Bxe6+ 1-0

[Event "25. Open Cappelle la Grande 2009"]
[Site "Cappelle la Grande FRA"]
[Date "2009.03.04"]
[Round "6.28"]
[White "Mevel, Alberic"]
[Black "Bobras, Piotr"]
[Result "0-1"]
[WhiteElo "2260"]
[BlackElo "2554"]
[PlyCount "50"]
[EventDate "2009.02.28"]
[EventType "swiss"]
[EventRounds "9"]
[EventCountry "FRA"]
[Source "lmi"]
[SourceDate "2009.02.28"]

1. e4 c5 2. Nf3 d6 3. d4 cxd4 4. Nxd4 Nf6 5. Nc3 a6 6. Bc4 e6 7. Bb3 Nbd7 8.
O-O Nc5 9. f4 Be7 10. e5 dxe5 11. fxe5 Nfd7 12. Qh5 O-O 13. Rf3 Nxb3 14. Nxb3
g6 15. Qh6 f6 16. exf6 Nxf6 17. Bg5 b5 18. Qh4 Bb7 19. Rh3 Rf7 20. Nd2 b4 21.
Ne2 Nh5 22. Ne4 Bxe4 23. Bxe7 Qb6+ 24. Kh1 Qb7 25. Qg4 Bf5 0-1

[Event "25. Open Cappelle la Grande 2009"]
[Site "Cappelle la Grande FRA"]
[Date "2009.03.04"]
[Round "6.50"]
[White "Boric, Elena"]
[Black "Hasangatin, Ramil"]
[Result "1/2-1/2"]
[WhiteElo "2250"]
[BlackElo "2505"]
[PlyCount "76"]
[EventDate "2009.02.28"]
[EventType "swiss"]
[EventRounds "9"]
[EventCountry "FRA"]
[Source "lmi"]
[SourceDate "2009.02.28"]

1. Nf3 c5 2. e4 e6 3. d3 Nc6 4. g3 Nf6 5. Bg2 d6 6. O-O Be7 7. Nbd2 O-O 8. c3
Rb8 9. Re1 Qc7 10. Qc2 Bd7 11. Nf1 Rfd8 12. h3 Ne5 13. N3d2 c4 14. Nxc4 Nxc4
15. dxc4 Qxc4 16. Be3 a6 17. Ba7 Ra8 18. Bb6 Re8 19. Qb3 Qxb3 20. axb3 Bc6 21.
Rad1 Rec8 22. f4 Nd7 23. Bf2 a5 24. Nd2 b5 25. Nf3 e5 26. Nd2 Nc5 27. Bxc5 dxc5
28. fxe5 Rd8 29. Nf1 Rxd1 30. Rxd1 Rd8 31. Rxd8+ Bxd8 32. Ne3 Kf8 33. Nd5 Ke8
34. Kf2 Kd7 35. h4 Ke6 36. Nf4+ Ke7 37. Nd5+ Ke6 38. Nf4+ Ke7 1/2-1/2

[Event "25. Open Cappelle la Grande 2009"]
[Site "Cappelle la Grande FRA"]
[Date "2009.03.04"]
[Round "6.54"]
[White "Massoni, Michael"]
[Black "Babaev, Rashad"]
[Result "0-1"]
[WhiteElo "2244"]
[BlackElo "2491"]
[PlyCount "66"]
[EventDate "2009.02.28"]
[EventType "swiss"]
[EventRounds "9"]
[EventCountry "FRA"]
[Source "lmi"]
[SourceDate "2009.02.28"]

1. e4 c5 2. Nf3 d6 3. c3 Nf6 4. Be2 Bd7 5. d3 Nc6 6. h3 e5 7. O-O Be7 8. Re1
O-O 9. Bf1 Be6 10. Nbd2 h6 11. Nc4 Rc8 12. Ne3 Re8 13. c4 a6 14. g3 b5 15. b3
Rb8 16. Kh2 Nh7 17. Be2 Ng5 18. h4 Nxf3+ 19. Bxf3 Nd4 20. Bg4 Qd7 21. Rg1 Rf8
22. f4 exf4 23. gxf4 f5 24. exf5 Bxf5 25. Bxf5 Nxf5 26. Qg4 Rf7 27. Bb2 Bf8 28.
Nd5 Re8 29. Nf6+ Rxf6 30. Bxf6 Re6 31. Bb2 h5 32. Qh3 Re2+ 33. Rg2 Re3 0-1

[Event "25. Open Cappelle la Grande 2009"]
[Site "Cappelle la Grande FRA"]
[Date "2009.03.04"]
[Round "6.72"]
[White "Karlsson, Bjorn-Ivar"]
[Black "Grekh, Andrey"]
[Result "1-0"]
[WhiteElo "2205"]
[BlackElo "2380"]
[PlyCount "47"]
[EventDate "2009.02.28"]
[EventType "swiss"]
[EventRounds "9"]
[EventCountry "FRA"]
[Source "lmi"]
[SourceDate "2009.02.28"]

1. Nf3 Nf6 2. g3 e6 3. Bg2 Be7 4. d3 d5 5. Nbd2 c5 6. O-O Nc6 7. e4 b6 8. Re1
Bb7 9. e5 Nd7 10. c3 Qc7 11. Qe2 g5 12. h3 h5 13. c4 g4 14. cxd5 gxf3 15. Nxf3
exd5 16. e6 fxe6 17. Qxe6 Nf8 18. Qf6 Rg8 19. Qf5 Qd6 20. Nh4 Rh8 21. Bxd5 Rh7
22. Bg5 Rd8 23. Bxe7 Nxe7 24. Bxb7 1-0

[Event "25. Open Cappelle la Grande 2009"]
[Site "Cappelle la Grande FRA"]
[Date "2009.03.05"]
[Round "7.29"]
[White "Baramidze, David"]
[Black "Ibarra Chami, Luis Fernando"]
[Result "1-0"]
[WhiteElo "2548"]
[BlackElo "2379"]
[PlyCount "81"]
[EventDate "2009.02.28"]
[EventType "swiss"]
[EventRounds "9"]
[EventCountry "FRA"]
[Source "lmi"]
[SourceDate "2009.02.28"]

1. e4 c5 2. Nf3 Nc6 3. d4 cxd4 4. Nxd4 Nf6 5. Nc3 e5 6. Ndb5 d6 7. Bg5 a6 8.
Na3 b5 9. Nd5 Be7 10. Bxf6 Bxf6 11. c3 Bg5 12. Nc2 Ne7 13. h4 Bh6 14. a4 bxa4
15. Ncb4 O-O 16. Qxa4 a5 17. Bb5 Nxd5 18. Nxd5 Be6 19. Bc6 Rb8 20. b4 Bxd5 21.
Bxd5 axb4 22. cxb4 Qb6 23. O-O Kh8 24. Rfb1 f5 25. exf5 Qd4 26. Be6 Qxh4 27. b5
e4 28. Ra3 Qf4 29. b6 Qd2 30. Ra2 Qd3 31. Qb3 Qd4 32. Qd5 Qc5 33. b7 e3 34.
Qxc5 dxc5 35. Rc2 g6 36. Kf1 gxf5 37. Rxc5 Kg7 38. Rc7+ Kf6 39. Rb6 Kg5 40. Bc8
Rf6 41. f4+ 1-0

[Event "25. Open Cappelle la Grande 2009"]
[Site "Cappelle la Grande FRA"]
[Date "2009.03.05"]
[Round "7.57"]
[White "Braun, Arik"]
[Black "Mevel, Alberic"]
[Result "1-0"]
[WhiteElo "2558"]
[BlackElo "2260"]
[PlyCount "55"]
[EventDate "2009.02.28"]
[EventType "swiss"]
[EventRounds "9"]
[EventCountry "FRA"]
[Source "lmi"]
[SourceDate "2009.02.28"]

1. d4 g6 2. c4 Bg7 3. Nc3 d6 4. e4 Nf6 5. f3 O-O 6. Be3 e5 7. d5 c6 8. Qd2 cxd5
9. cxd5 Na6 10. Nge2 Bd7 11. g4 b5 12. Ng3 Nc7 13. h4 h5 14. gxh5 Nxh5 15. Nxh5
gxh5 16. Bh6 f5 17. Bxg7 Kxg7 18. Rg1+ Kf7 19. Rg5 b4 20. Ne2 fxe4 21. fxe4 Bg4
22. Ng3 Rg8 23. Nf5 Rxg5 24. hxg5 Kg6 25. Nh4+ Kg7 26. Rc1 Rc8 27. Nf5+ Kg6 28.
Rc6 1-0

[Event "25. Open Cappelle la Grande 2009"]
[Site "Cappelle la Grande FRA"]
[Date "2009.03.05"]
[Round "7.53"]
[White "Corrales Jimenez, Fidel"]
[Black "Denayer, Eric"]
[Result "1-0"]
[WhiteElo "2586"]
[BlackElo "2265"]
[PlyCount "115"]
[EventDate "2009.02.28"]
[EventType "swiss"]
[EventRounds "9"]
[EventCountry "FRA"]
[Source "lmi"]
[SourceDate "2009.02.28"]

1. e4 e6 2. d4 d5 3. e5 b6 4. c3 Qd7 5. Nh3 Ne7 6. Nf4 Ba6 7. Bxa6 Nxa6 8. Nh5
c6 9. O-O Nc7 10. Nd2 O-O-O 11. Nf3 h6 12. a4 Kb8 13. b3 Ng6 14. c4 f6 15. exf6
gxf6 16. Nxf6 Qg7 17. Nh5 Qf7 18. a5 b5 19. Be3 Bd6 20. Rc1 Ne7 21. Ng3 h5 22.
c5 Bf4 23. Bxf4 Qxf4 24. Qd2 Qf7 25. Qg5 Kb7 26. Ne5 Qh7 27. Qh4 Rdf8 28. Rc3
b4 29. Re3 Nf5 30. Nxf5 Rxf5 31. Nd3 Rhf8 32. g3 Rf3 33. Rfe1 Qf5 34. Rxf3 Qxf3
35. Re3 Qd1+ 36. Kg2 Qd2 37. Qg5 Rf7 38. h4 Rf5 39. Qh6 Rf7 40. a6+ Kxa6 41.
Qxh5 Rxf2+ 42. Nxf2 Qxe3 43. Qe5 Qxb3 44. Qxc7 Qa4 45. Qc8+ Kb5 46. h5 Qc2 47.
Qb7+ Kc4 48. h6 b3 49. h7 b2 50. Qa6+ Kc3 51. h8=Q b1=Q 52. Qe5 Qd2 53. Qxa7
Qb4 54. Qa1+ Kc4 55. Qxe6 Kb5 56. Qf1+ Qc4 57. Qb1+ Ka5 58. Qe8 1-0

[Event "25. Open Cappelle la Grande 2009"]
[Site "Cappelle la Grande FRA"]
[Date "2009.03.05"]
[Round "7.59"]
[White "Lalic, Bogdan"]
[Black "Kulon, Klaudia"]
[Result "1-0"]
[WhiteElo "2538"]
[BlackElo "2251"]
[PlyCount "69"]
[EventDate "2009.02.28"]
[EventType "swiss"]
[EventRounds "9"]
[EventCountry "FRA"]
[Source "lmi"]
[SourceDate "2009.02.28"]

1. d4 d5 2. c4 e6 3. Nf3 c6 4. Nbd2 f5 5. g3 Nf6 6. Bg2 Bd6 7. O-O Nbd7 8. Ne1
O-O 9. Nd3 Qe7 10. Qc2 b6 11. Nf3 Bb7 12. Bf4 Bxf4 13. Nxf4 Rfc8 14. Rac1 c5
15. cxd5 Nxd5 16. Nxd5 Bxd5 17. Qa4 a6 18. Qa3 Qf8 19. dxc5 bxc5 20. Nd2 Nb6
21. e4 fxe4 22. Nxe4 c4 23. Qe3 Rab8 24. Nc3 Kh8 25. Rfd1 Rd8 26. Rc2 Bxg2 27.
Rxd8 Rxd8 28. Kxg2 Qd6 29. Re2 Qc6+ 30. f3 Rd6 31. Ne4 Nd5 32. Qa3 Rd8 33. Ng5
Re8 34. Rxe6 Qd7 35. Qd6 1-0

[Event "25. Open Cappelle la Grande 2009"]
[Site "Cappelle la Grande FRA"]
[Date "2009.03.05"]
[Round "7.45"]
[White "Baron, Tal"]
[Black "Heberla, Bartlomiej"]
[Result "1/2-1/2"]
[WhiteElo "2332"]
[BlackElo "2500"]
[PlyCount "32"]
[EventDate "2009.02.28"]
[EventType "swiss"]
[EventRounds "9"]
[EventCountry "FRA"]
[Source "lmi"]
[SourceDate "2009.02.28"]

1. e4 e6 2. d4 d5 3. Nc3 Nf6 4. Bg5 dxe4 5. Nxe4 Be7 6. Bxf6 Bxf6 7. Nf3 Nd7 8.
Qd2 O-O 9. O-O-O b6 10. Bd3 Bb7 11. h4 Be7 12. Qf4 Nf6 13. Nxf6+ Bxf6 14. Be4
Bxe4 15. Qxe4 Qd5 16. Qxd5 exd5 1/2-1/2